[Event "Bohumin op-B 6th"]
[Site "Bohumin"]
[Date "2023.07.04"]
[Round "4"]
[White "Seemann, Adam"]
[Black "Shystarova, Svitlana"]
[Result "0-1"]
[WhiteElo "1394"]
[BlackElo "1703"]
[PlyCount "63"]
[EventDate "2023.07.01"]
[EventType "swiss"]
[EventRounds "9"]
[EventCountry "CZE"]
[SourceTitle "EXT 2024"]
[Source "ChessBase"]
[SourceDate "2023.10.10"]
[SourceVersion "1"]
[SourceVersionDate "2023.10.10"]
[SourceQuality "1"]

1. e4 e6 2. d4 d5 3. Nd2 dxe4 4. Nxe4 Nd7 5. Nf3 Ngf6 6. Bd3 Nxe4 7. Bxe4 Nf6 8. Bg5 Be7 9. Bxf6 Bxf6 10. Qd3 Qd6 11. 0-0-0 h6 12. Kb1 c6 13. Ne5 Bd7 14. f4 Rf8 15. Rhe1 0-0-0 16. Qc4 Kb8 17. Rd3 g5 18. g3 Be7 19. Rb3 Rc8 20. Qa6 Rc7 21. Nc4 Qxd4 22. Na5 b6 23. Qe2 Bc5 24. Rd1 Qa4 25. Nc4 Bc8 26. Ne5 f6 27. Nd3 Ba6 28. Qg2 Be7 29. Rc3 Bb5 30. Bf3 Rd8 31. Re1 Bxd3 32. cxd3 0-1

[Event "Jastrzebie Zdroj op"]
[Site "Jastrzebie Zdroj"]
[Date "2022.11.25"]
[Round "8"]
[White "Adamczyk, Piotr"]
[Black "Seemann, Adam"]
[Result "1/2-1/2"]
[WhiteElo "1739"]
[BlackElo "1162"]
[PlyCount "47"]
[EventDate "2022.11.19"]
[EventType "swiss"]
[EventRounds "9"]
[EventCountry "POL"]
[SourceTitle "CBM 211 Extra"]
[Source "ChessBase"]
[SourceDate "2023.01.31"]
[SourceVersion "1"]
[SourceVersionDate "2023.01.31"]
[SourceQuality "1"]

1. d4 Nf6 2. Nf3 g6 3. e3 Bg7 4. Bd3 d5 5. 0-0 0-0 6. b3 c5 7. Bb2 Bg4 8. h3 Bxf3 9. Qxf3 cxd4 10. exd4 Nc6 11. Nd2 Nb4 12. a3 Nxd3 13. Qxd3 Qc7 14. Rac1 Bh6 15. c4 Qd7 16. cxd5 Qxd5 17. Rc5 Qd7 18. Ne4 Bg7 19. Rfc1 Rac8 20. Rxc8 Rxc8 21. Rxc8+ Qxc8 22. Nxf6+ Bxf6 23. Bc3 Qd7 24. Qe3 1/2-1/2

[Event "Jastrzebie Zdroj op"]
[Site "Jastrzebie Zdroj"]
[Date "2022.11.20"]
[Round "3"]
[White "Seemann, Adam"]
[Black "Mazurek, Richard"]
[Result "1-0"]
[WhiteElo "1162"]
[BlackElo "1076"]
[PlyCount "43"]
[EventDate "2022.11.19"]
[EventType "swiss"]
[EventRounds "9"]
[EventCountry "POL"]
[SourceTitle "CBM 211 Extra"]
[Source "ChessBase"]
[SourceDate "2023.01.31"]
[SourceVersion "1"]
[SourceVersionDate "2023.01.31"]
[SourceQuality "1"]

1. e4 e6 2. d4 d5 3. exd5 exd5 4. Bd3 Nf6 5. Nf3 Bd6 6. Bg5 Bg4 7. Nbd2 0-0 8. 0-0 Nbd7 9. c3 c6 10. h3 Bh5 11. Re1 h6 12. Bh4 Re8 13. Qc2 Qc7 14. g4 Nxg4 15. hxg4 Bxg4 16. Kg2 Kh8 17. Bf5 Bxf5 18. Qxf5 Rg8 19. Ng5 hxg5 20. Bxg5 g6 21. Qh3+ Kg7 22. Qh6# 1-0

[Event "Jastrzebie Zdroj op"]
[Site "Jastrzebie Zdroj"]
[Date "2022.11.19"]
[Round "1"]
[White "Seemann, Adam"]
[Black "Drabiniok, Kazimierz"]
[Result "1/2-1/2"]
[WhiteElo "1162"]
[BlackElo "1813"]
[PlyCount "88"]
[EventDate "2022.11.19"]
[EventType "swiss"]
[EventRounds "9"]
[EventCountry "POL"]
[SourceTitle "CBM 211 Extra"]
[Source "ChessBase"]
[SourceDate "2023.01.31"]
[SourceVersion "1"]
[SourceVersionDate "2023.01.31"]
[SourceQuality "1"]

1. e4 Nf6 2. e5 Nd5 3. c4 Nb6 4. d4 d6 5. exd6 exd6 6. Nf3 Bg4 7. b3 Nc6 8. Be2 Be7 9. Bb2 Bf6 10. Qd2 0-0 11. 0-0 Re8 12. Na3 Re7 13. d5 Bxb2 14. Qxb2 Qe8 15. Bd1 Bxf3 16. Bxf3 Ne5 17. Be4 Nexc4 18. Bxh7+ Kxh7 19. bxc4 Re2 20. Qb1+ Qe4 21. Qxe4+ Rxe4 22. Rfe1 Rae8 23. Kf1 Kg6 24. f3 Rxe1+ 25. Rxe1 Rxe1+ 26. Kxe1 c6 27. Kd2 cxd5 28. cxd5 a6 29. g3 Kf6 30. Kd3 Ke5 31. f4+ Kxd5 32. g4 Nd7 33. Nc2 Nc5+ 34. Ke3 Ne6 35. h4 b5 36. Nb4+ Kc4 37. Nxa6 d5 38. f5 d4+ 39. Kd2 Nf4 40. a3 Ng2 41. h5 Nh4 42. Nc7 Nf3+ 43. Kd1 Ng5 44. Ne8 Kc3 1/2-1/2